| 000 | 00876cam a2200205 4500 | ||
|---|---|---|---|
| 001 | WB@3612-856 | ||
| 008 | 041118n2004 000 0 eng u | ||
| 035 | _a(Sirsi) u128051 | ||
| 245 | _aSkills shortage in transport | ||
| 260 | _c2004 | ||
| 490 |
_aPlanning (for the Natural and Built Environment) _v12 November 2004, 6(1) |
||
| 520 | _aA warning has been issued by the skills council for the passenger transport sector. GoSkills claims that aspirations to reduce congestion will fail if skills shortages in the passenger transport sector are not tackled in the next decade. It also claims that the problem covers all areas of passenger transport, from drivers to planners. | ||
| 590 | _aWB | ||
| 590 | _aWB | ||
| 650 | _aTRANSPORT POLICY | ||
| 650 | _aTRANSPORT PLANNING | ||
| 650 | _aPUBLIC TRANSPORT | ||
| 690 | _aTRANSPORT AND COMMUNICATIONS | ||
| 942 | _n0 | ||
| 999 |
_c118340 _d118340 |
||